Beyoncé - Chansons commençants par H - Statistiques

Statistiques générales
  • Ce quiz a été pris 7 fois
  • Le résultat moyen est 2 sur 7
Statistiques - réponses
H % Correct
Halo
80%
Hello
60%
Heated
60%
Hold Up
20%
Heard About Us
0%
Heaven Boots, Knowles Boots, Knowles
0%
Hip Hop Star
0%
Aucun quiz correspondant
Distribution des résultats
% des personnes avec chaque résultat
Percentile par nombre de réponses
Votre historique - résultats
Vous n’avez pas pris ce quiz